| Tag |
First Indicator |
Second Indicator |
Subfields |
| LEADER |
00000cam a22000001a 4500 |
| 001 |
in00003051696 |
| 005 |
20190402183546.0 |
| 006 |
m o d |
| 007 |
cr un mmmapmmp |
| 008 |
070626s1911 dcud o f000 0 eng d |
| 035 |
|
|
|a cis2004139710
|
| 040 |
|
|
|a UMI
|c UMI
|d UtOrBLW
|
| 043 |
|
|
|a n-us---
|
| 099 |
|
|
|a ProQuest Serial Set Number 6180 S.doc.119
|
| 245 |
0 |
0 |
|a Report of property by the Secretary of the Senate. Letter from the Secretary of the Senate transmitting, in compliance with law, an account of all property of the United States in his possession on December 4, 1911.
|
| 246 |
1 |
|
|a Public property of secretary of Senate, 1911
|
| 264 |
|
1 |
|a Washington :
|b [publisher not identified],
|c 1911.
|
| 300 |
|
|
|a 1 online resource.
|
| 336 |
|
|
|a text
|b txt
|2 rdacontent
|
| 337 |
|
|
|a computer
|b c
|2 rdamedia
|
| 338 |
|
|
|a online resource
|b cr
|2 rdacarrier
|
| 490 |
0 |
|
|a S.doc.119
|
| 500 |
|
|
|a Record is based on bibliographic data in ProQuest U.S. Serial Set Digital Collection (last viewed June 2007). Reuse except for individual research requires license from ProQuest, LLC.
|
| 510 |
3 |
|
|a ProQuest U.S. Serial Set Digital Collection
|
| 500 |
|
|
|a Electronic resource.
|
| 610 |
1 |
0 |
|a United States.
|b Congress.
|b Senate.
|
| 650 |
|
0 |
|a Government property.
|
| 655 |
|
7 |
|a Electronic books.
|2 local
|
| 710 |
2 |
|
|a ProQuest (Firm)
|
| 830 |
|
0 |
|a United States congressional serial set.
|
| 856 |
4 |
0 |
|u http://proxy.library.tamu.edu/login?url=http://congressional.proquest.com/congcomp/getdoc?SERIAL-SET-ID=6180+S.doc.119
|z Connect to the full text of this electronic book
|t 0
|
| 999 |
|
|
|a MARS
|
| 999 |
f |
f |
|s 57b59dc0-c9aa-373c-9acd-915c8ba8bbfe
|i 94cf5f28-1311-34b0-8cef-b985970992d1
|t 0
|
| 952 |
f |
f |
|a Texas A&M University
|b College Station
|c Electronic Resources
|d Available Online
|t 0
|e ProQuest Serial Set Number 6180 S.doc.119
|h Other scheme
|
| 998 |
f |
f |
|a ProQuest Serial Set Number 6180 S.doc.119
|t 0
|l Available Online
|